The Flood Risk Management (Scotland) Act 2009 (Record no. 113285)
[ view plain ]
| 000 -LEADER | |
|---|---|
| fixed length control field | 01176cad a22002175a 4500 |
| 001 - CONTROL NUMBER | |
| control field | E155014 |
| 008 - FIXED-LENGTH DATA ELEMENTS--GENERAL INFORMATION | |
| fixed length control field | 120220s2012 xxk f s000 0 eng d |
| 020 ## - INTERNATIONAL STANDARD BOOK NUMBER | |
| International Standard Book Number | 9781780456164 |
| 035 ## - SYSTEM CONTROL NUMBER | |
| System control number | (Sirsi) u155014 |
| 041 0# - LANGUAGE CODE | |
| Language code of text/sound track or separate title | eng |
| 110 2# - MAIN ENTRY--CORPORATE NAME | |
| Corporate name or jurisdiction name as entry element | Scotland |
| Subordinate unit | Scottish Government |
| 9 (RLIN) | 5344 |
| 245 04 - TITLE STATEMENT | |
| Title | The Flood Risk Management (Scotland) Act 2009 |
| Remainder of title | flood protection schemes, guidance for local authorities, chapter 5, project appraisal: assessment of economic, environmental and social impacts |
| Medium | [electronic resource] |
| 260 ## - PUBLICATION, DISTRIBUTION, ETC. | |
| Place of publication, distribution, etc. | Edinburgh |
| Name of publisher, distributor, etc. | Scottish Government |
| Date of publication, distribution, etc. | 2012 |
| 520 ## - SUMMARY, ETC. | |
| Summary, etc. | Sets out guidance for local authorities in Scotland on the economic, social and environmental aspects of project appraisal for flood protection schemes promoted under the Flood Risk Management (Scotland) Act 2009. Highlights ways of identifying the economic impact of such schems and suggests a process for decision-making. |
| 590 ## - LOCAL NOTE (RLIN) | |
| Local note | KA |
| 650 24 - SUBJECT ADDED ENTRY--TOPICAL TERM | |
| Topical term or geographic name entry element | FLOOD RISK MANAGEMENT (SCOTLAND) ACT 2009 |
| 651 #4 - SUBJECT ADDED ENTRY--GEOGRAPHIC NAME | |
| Geographic name | Scotland |
| Chronological subdivision | 1999- |
| 690 ## - LOCAL SUBJECT ADDED ENTRY--TOPICAL TERM (OCLC, RLIN) | |
| Topical term or geographic name as entry element | Environment |
| 9 (RLIN) | 6238 |
| 856 40 - ELECTRONIC LOCATION AND ACCESS | |
| Uniform Resource Identifier | <a href="https://www.scotland.gov.uk/Publications/2012/02/9806">https://www.scotland.gov.uk/Publications/2012/02/9806</a> |
| Public note | View the guidance free of charge at www.scotland.gov.uk |
| 942 ## - ADDED ENTRY ELEMENTS (KOHA) | |
| Suppress in OPAC | 0 |
| Withdrawn status | Lost status | Source of classification or shelving scheme | Damaged status | Not for loan | Home library | Current library | Shelving location | Date acquired | Total Checkouts | Full call number | Barcode | Date last seen | Copy number | Price effective from | Koha item type |
|---|---|---|---|---|---|---|---|---|---|---|---|---|---|---|---|
| Dewey Decimal Classification | Virtual | Virtual | Online | 20/02/2012 | ONLINE PUBLICATION | 155014-2001 | 06/08/2019 | 1 | 06/08/2019 | Book |